[Event "4 Nations-J"]
[Site "Tjele"]
[Date "1998.??.??"]
[Round "1"]
[White "Hansen, Torbjorn R"]
[Black "Karttunen, Mika"]
[Result "0-1"]
[WhiteElo "2065"]
[BlackElo "2245"]

1.c4 c6 2.g3 d5 3.Bg2 Nf6 4.Nf3 g6 5.O-O Bg7 6.d4 O-O 7.Nc3 e6 8.Qc2 b6 9.b3 Ba6
10.Ba3 Re8 11.Rfd1 Nbd7 12.Nd2 b5 13.e4 Qa5 14.Bd6 dxc4 15.bxc4 bxc4 16.Rab1 e5
17.Bb4 Qc7 18.d5 Nb6 19.d6 Qd7 20.Na4 Nxa4 21.Qxa4 Bb5 22.Qa3 Qe6 23.Bf1 Nd7
24.Rbc1 Bh6 25.Qa5 Nb6 26.Bc5 Red8 27.Rb1 Na4 28.Bb4 Nb6 29.Bc5 Bf8 30.Nf3 Bxd6
31.Rxd6 Rxd6 32.Bxb6 c3 33.Be3 c2 34.Rc1 Rd1 35.Ne1 Bxf1 36.Kxf1 Qc4+ 37.Kg1 Rad8
38.Qxe5 Qe2 39.Rxc2 Qxc2  0-1

[Event "JUG Cup"]
[Site "Ulcinj"]
[Date "1998.??.??"]
[Round "3"]
[White "Petronic, Jovan"]
[Black "Kosic, Dragan"]
[Result "1/2-1/2"]
[WhiteElo "2450"]
[BlackElo "2500"]

1.c4 c6 2.e4 d5 3.exd5 cxd5 4.d4 Nf6 5.Nc3 e6 6.Nf3 Be7 7.cxd5 Nxd5 8.Bd3 Nc6
9.O-O O-O 10.Re1 Bf6 11.Be4 Nce7 12.Ne5 Nf5 13.Ng4 Nb6 14.Nxf6+ Qxf6 15.Qg4 h6
16.Bf4 Nc4 17.Be5 Nxe5 18.dxe5 Qe7 19.Rad1 Rb8 20.a3 b5 21.Bxf5 exf5 22.Qb4 Qxb4
23.axb4 Be6 24.Rd4 Rfc8 25.Ra1 Rb7 26.f4 Rc6 27.Kf2 a6 28.Ke3 Rbc7 29.Rad1 Rc4
30.Rxc4 Rxc4 31.Rd8+ Kh7 32.Rd4 Rc8 33.Rd6 Rc4 34.Rd4 Rc8 35.Rd6 Rc4 36.Rd4  1/2-1/2

[Event "Val Thorens op"]
[Site "Val Thorens"]
[Date "1998.??.??"]
[Round "?"]
[White "Horvath, Csaba"]
[Black "Marzolo, Cyril"]
[Result "1/2-1/2"]
[WhiteElo "2535"]
[BlackElo "2355"]

1.c4 c6 2.e4 d5 3.exd5 cxd5 4.d4 Nf6 5.Nc3 e6 6.Nf3 Bb4 7.Bd3 O-O 8.O-O dxc4
9.Bxc4 Nbd7 10.Bg5 Bxc3 11.bxc3 Qc7 12.Bd3 b6 13.Rc1 Bb7 14.Re1 Qd6 15.Bh4 Rac8
16.Bg3 Qa3 17.Qb3 Qxb3 18.axb3 Rfd8 19.Nd2 Ne8 20.Nc4 Ndf6 21.Ra1 b5 22.Na5 Ba8
23.Bxb5 Rxc3 24.Be5 Nd5 25.Rec1 Rdc8 26.Rxc3 Nxc3 27.Ba6 Rd8 28.Rc1 Na2 29.Rc8 Rxc8
30.Bxc8 Bd5 31.Bb8 Nc1 32.Bd7 Nf6 33.Ba4 a6 34.Kf1 Ne4 35.Bf4 Nd3 36.Be3 Nc3
37.Bd7 Nd1 38.Bc8 Nxe3+ 39.fxe3 Nc1 40.Bxa6  1/2-1/2

[Event "Vienna op 13th"]
[Site "Vienna"]
[Date "1998.??.??"]
[Round "?"]
[White "Todor, Razvan"]
[Black "Bawart, Markus"]
[Result "1/2-1/2"]
[WhiteElo "2160"]
[BlackElo "2330"]

1.c4 c6 2.e4 d6 3.Nc3 Nf6 4.g3 e5 5.Bg2 Na6 6.Nge2 h5 7.h3 Be6 8.d3 g6 9.Bg5 Be7
10.Qd2 Nh7 11.Be3 h4 12.g4 g5 13.b3 Nf8 14.d4 Ng6 15.d5 Bd7 16.f3 Nc7 17.O-O c5
18.a3 b5 19.a4 bxc4 20.bxc4 Na6 21.Rfb1 Nb4 22.Na2 a5 23.Nac3 Nf4 24.Nxf4 exf4
25.Bf2 Bf6 26.Ra3 Be5 27.Bf1 O-O 28.Nb5 Qf6 29.Be2 Rfe8 30.Kg2 Kg7 31.Kh2 Ra6
32.Kg2 Rb6 33.Kh2 Ra8 34.Kg2 Rb7 35.Kh2 Qd8 36.Rg1 Na6 37.Rd1 Nc7 38.Rb1 Ne8
39.Rg1 Nf6 40.Bd1  1/2-1/2

[Event "AUT-chT qual"]
[Site "Vienna"]
[Date "1998.??.??"]
[Round "3"]
[White "Lenz, Alarich"]
[Black "Grundherr, Martin"]
[Result "1/2-1/2"]
[WhiteElo "2220"]
[BlackElo "2340"]

1.c4 c6 2.e4 d5 3.exd5 cxd5 4.cxd5 Qxd5 5.d4 e6 6.Nc3 Qd6 7.Nf3 Nf6 8.Bd3 Be7
9.O-O O-O 10.Re1 Rd8 11.Nb5 Qb6 12.a4 Nc6 13.Ne5 Nxe5 14.dxe5 Nd5 15.a5 Qc6
16.Qe2 Qe8 17.Bd2 Bd7 18.Nc3 Nxc3 19.Bxc3 Bc6 20.Red1 a6 21.Qg4 Rd7 22.Bc2 Rxd1+
23.Rxd1 Rd8 24.h3 Rxd1+ 25.Qxd1 Qd8 26.Qd3 Qxd3 27.Bxd3 Bc5 28.Bc2 h6 29.Kf1 Kf8
30.g3 Ke7 31.Ke1 Bf3 32.Bd3 Ba7 33.Bb4+ Kd7 34.Bc3 Kc6 35.b4 Bb8 36.Bc2 Kb5
37.Bd3+ Kc6 38.Bc2 Kd7 39.Bd3 Bc6 40.Bd4 Bc7 41.Kd2 Bd8 42.Bc5 h5 43.h4 Bb5
44.Be4 Bc6 45.Bd3 Bb5 46.Bc2 Bc4 47.Bf8 g6 48.Bc5 Bd5 49.Ke3 Bc7 50.Kf4 Bd8
51.f3 Bc4 52.Be4 Bd5 53.Bd3 Bc7 54.g4 Bd8 55.gxh5 gxh5 56.Kg3 Bb3 57.Be4 Kc8
58.Bd3 Kd7 59.Be4 Kc8 60.Bd3 Kd7  1/2-1/2

[Event "Donau op"]
[Site "Vienna"]
[Date "1998.??.??"]
[Round "4"]
[White "Lendwai, Reinhard"]
[Black "Stanka, Wolfgang"]
[Result "1-0"]
[WhiteElo "2395"]
[BlackElo "2140"]

1.c4 c6 2.d4 d5 3.Nf3 Nf6 4.Nc3 dxc4 5.e3 e6 6.Bxc4 Bb4 7.Qb3 Qe7 8.O-O O-O
9.a3 Ba5 10.Qc2 Nbd7 11.b4 Bc7 12.Bd3 h6 13.Bb2 e5 14.Rae1 Re8 15.Ne4 Nxe4
16.Bxe4 exd4 17.exd4 Qd6 18.d5 Nf6 19.Bxf6 gxf6 20.Bh7+ Kf8 21.Rxe8+ Kxe8
22.dxc6 Kf8 23.cxb7 Bxb7 24.Be4 Bxe4 25.Qxe4 Re8 26.Qh7 Qf4 27.Qh8+ Ke7 28.Re1+ Be5
29.Nxe5 fxe5 30.Qxe5+ Qxe5 31.Rxe5+ Kd7 32.Rxe8 Kxe8 33.Kf1 Kd7 34.Ke2 Kc6
35.a4 Kd5 36.Kd3 f5 37.f4 h5 38.g3 a6 39.h3  1-0

[Event "Wattens op 13th"]
[Site "Wattens"]
[Date "1998.??.??"]
[Round "1"]
[White "Niedermayer, Anton"]
[Black "Wiesinger, Bianca"]
[Result "1-0"]
[WhiteElo "2160"]
[BlackElo "1605"]

1.c4 c6 2.Nc3 Nf6 3.g3 d5 4.cxd5 cxd5 5.d4 e6 6.Nf3 Be7 7.Bg2 O-O 8.O-O Nc6
9.Re1 b6 10.Bf4 Nh5 11.Bd2 f5 12.Rc1 Bb7 13.a3 Rc8 14.b4 Bf6 15.e3 Be7 16.Qb3 Nf6
17.Red1 Ne4 18.Ne1 Qd7 19.f3 Nd6 20.Bf1 Bf6 21.f4 Ne4 22.Nf3 Qe8 23.Nxe4 fxe4
24.Ne5 g5 25.b5 Nxe5 26.fxe5 Rxc1 27.Rxc1 Bd8 28.Be2 h6 29.Bb4 Rf7 30.Bh5  1-0

[Event "Wattens op 13th"]
[Site "Wattens"]
[Date "1998.??.??"]
[Round "1"]
[White "Kleissl, Helmut"]
[Black "Strasser, Josef"]
[Result "1-0"]
[WhiteElo "2300"]
[BlackElo "1715"]

1.c4 c6 2.d4 d5 3.cxd5 cxd5 4.Bf4 Nf6 5.e3 Bf5 6.Nc3 a6 7.Qb3 b5 8.a4 Qa5
9.Ra2 b4 10.Bb5+ Nbd7 11.Nxd5 Nxd5 12.Bc6 Be6 13.e4 Nxf4 14.d5 Nd3+ 15.Qxd3 b3+
16.Ke2 bxa2 17.dxe6 O-O-O 18.Bxd7+ Rxd7 19.exd7+ Kd8 20.Nf3 Qb4 21.Qc2 Qb7
22.Ne5 Qc7 23.Qxc7+ Kxc7 24.Nxf7 Kxd7 25.Nxh8 g6 26.Ra1 Bg7 27.Nxg6 hxg6
28.Rxa2  1-0

[Event "Wattens op 13th"]
[Site "Wattens"]
[Date "1998.??.??"]
[Round "2"]
[White "Spitzl, Robert"]
[Black "Preindl, Florian"]
[Result "0-1"]
[WhiteElo "1660"]
[BlackElo "1835"]

1.c4 c6 2.Nc3 d5 3.cxd5 cxd5 4.d4 Nc6 5.Nf3 Nf6 6.g3 Bf5 7.Bg2 e6 8.O-O Bd6
9.Re1 h6 10.Qb3 Qd7 11.a3 O-O 12.e3 a6 13.Na4 Na5 14.Qd1 Qc7 15.Nc3 b5 16.Nh4 Bh7
17.Bf1 Ne4 18.Nxe4 dxe4 19.Bd2 Nc6 20.Rc1 Qd7 21.Qb3 Rac8 22.Rc2 Rc7 23.Rec1 Rfc8
24.Bc3 Ne7 25.Ba5 Rxc2 26.Rxc2 Rxc2 27.Qxc2 Nc6 28.Bb6 e5 29.dxe5 Nxe5 30.Qd1 g5
31.Bc5 Bxc5 32.Qxd7 Nxd7 33.Ng2 Ne5 34.Ne1 Nd3 35.b4 Bd6 36.Nc2 Be5 37.Bh3 f5
38.Bf1 Kf7 39.f4 Bc3 40.h4 Kf6 41.h5 Bg8 42.Be2 g4 43.Kf1 Bf7 44.Bd1 Bxh5
45.Nd4 Bxd4 46.exd4 Bf7 47.Ke2 Bc4 48.Ke3 Ke6 49.Bc2 Kd5  0-1

[Event "Wattens op 13th"]
[Site "Wattens"]
[Date "1998.??.??"]
[Round "7"]
[White "Kleissl, Helmut"]
[Black "Schmidlechner, Alexander"]
[Result "0-1"]
[WhiteElo "2300"]
[BlackElo "2155"]

1.c4 c6 2.d4 d5 3.cxd5 cxd5 4.Bf4 Nc6 5.Nc3 Nf6 6.e3 a6 7.Bd3 Bg4 8.f3 Bh5
9.Nge2 e6 10.O-O Be7 11.Rc1 O-O 12.Na4 Nd7 13.Qb3 Ra7 14.a3 Bg6 15.Bxg6 hxg6
16.Qc2 Bg5 17.b4 Bxf4 18.Nxf4 Nb6 19.Nb2 Ra8 20.Nfd3 Qe7 21.Qc5 Qd8 22.Ne5 Rc8
23.Nxc6 Rxc6 24.Qa5 Nc4 25.Nxc4 dxc4 26.Qe5 Qd5 27.Qe4 Rfc8 28.Rc3 b5 29.Kf2 Kf8
30.Ra1 Rd6 31.h3 Kg8 32.Ke2 Rcd8 33.Qxd5 Rxd5 34.Rc2 e5 35.dxe5 Rxe5 36.Rc3 Red5
37.Ra2 Rd3 38.Rac2 Kf8 39.Kf2 Ke7 40.Rxd3 Rxd3 41.Ra2 Rb3 42.Ke2 Kd6 43.h4 Kc6
44.g4 Rb1 45.Rd2 Ra1 46.Rd8 Ra2+ 47.Kd1 Rxa3 48.Rf8 a5 49.Rxf7 axb4 50.Rxg7 b3  0-1

[Event "Wattens op 13th"]
[Site "Wattens"]
[Date "1998.??.??"]
[Round "7"]
[White "Sprenger, Wendelin"]
[Black "Thoeny, Hermann"]
[Result "1/2-1/2"]
[WhiteElo "1875"]
[BlackElo "2240"]

1.c4 c6 2.g3 d5 3.Bg2 Nf6 4.Qc2 e6 5.Nf3 Bd6 6.d4 O-O 7.O-O Nbd7 8.b3 Qe7
9.Nc3 dxc4 10.bxc4 e5 11.d5 cxd5 12.cxd5 Nb6 13.e4 Bd7 14.Qb3 Bb4 15.Nxe5 Rfc8
16.Bb2 Qxe5 17.Qxb4 Nc4  1/2-1/2

[Event "Wattens op 13th"]
[Site "Wattens"]
[Date "1998.??.??"]
[Round "9"]
[White "Baerner, Helmut"]
[Black "Preindl, Florian"]
[Result "1-0"]
[WhiteElo "2160"]
[BlackElo "1835"]

1.c4 c6 2.Nf3 Nf6 3.e3 g6 4.b3 Bg7 5.Bb2 O-O 6.Be2 d5 7.O-O Bg4 8.d4 Nbd7
9.Nc3 e6 10.h3 Bxf3 11.Bxf3 Qe7 12.a4 Rfd8 13.Ba3 Qe8 14.cxd5 Nxd5 15.Nxd5 exd5
16.b4 Nb6 17.Be2 Qe6 18.b5 Rac8 19.Bc5 cxb5 20.axb5 Ra8 21.Qb3 Nd7 22.Ra2 b6
23.Bb4 Rdc8 24.Rfa1 Rc7 25.Rc2 Rxc2 26.Qxc2 Nf6 27.Qc7 Rc8 28.Qb7 h5 29.Bf3 Ne4
30.Bxe4 dxe4 31.Rxa7 Rc1+ 32.Kh2 Qf5 33.Qb8+ Rc8 34.Qb7 Rc2 35.Bd6 Qxf2 36.Qxe4 Rc1
37.Qf3 Qg1+ 38.Kg3 h4+ 39.Kxh4 Rf1  1-0

[Event "POL-chT2"]
[Site "Wisla"]
[Date "1998.??.??"]
[Round "?"]
[White "Kasprzyk, Tomasz"]
[Black "Ujma, Jerzy"]
[Result "0-1"]
[WhiteElo "2215"]
[BlackElo "2230"]

1.c4 c6 2.Nf3 d5 3.Qc2 e6 4.g3 Nf6 5.Bg2 Nbd7 6.O-O Be7 7.d3 O-O 8.Nbd2 Qc7
9.b3 b6 10.Bb2 Bb7 11.cxd5 exd5 12.Nd4 Rfe8 13.Rac1 Rac8 14.Nf5 Bf8 15.Rfe1 g6
16.Ne3 Qd6 17.Bh3 Bg7 18.Qb1 Re7 19.Qa1 Rce8 20.Nf3 Bh6 21.Rc2 Rxe3 22.fxe3 Bxe3+
23.Kf1 c5 24.d4 Nh5 25.Kg2 Ndf6 26.Rf1 Nxg3  0-1

[Event "S&W Masters 8th op"]
[Site "Witley"]
[Date "1998.??.??"]
[Round "4"]
[White "Hunt, Adam"]
[Black "Pert, Nicholas"]
[Result "1/2-1/2"]
[WhiteElo "2255"]
[BlackElo "2320"]

1.c4 c6 2.Nf3 d5 3.d4 Nf6 4.Nc3 dxc4 5.a4 Bf5 6.e3 e6 7.Bxc4 Bb4 8.O-O Nbd7
9.Qb3 a5 10.Na2 Be7 11.Qxb7 Rb8 12.Qa6 Ra8 13.Qxc6 Rc8 14.Qa6 Ra8 15.Qc6  1/2-1/2

[Event "S&W Masters 8th op"]
[Site "Witley"]
[Date "1998.??.??"]
[Round "4"]
[White "Turner, Matthew"]
[Black "Bisby, Daniel L"]
[Result "1-0"]
[WhiteElo "2470"]
[BlackElo "2190"]

1.c4 c6 2.Nf3 d5 3.b3 Nf6 4.g3 Bf5 5.Bg2 e6 6.Bb2 Bd6 7.O-O O-O 8.d3 Nbd7
9.Nc3 Qe7 10.Re1 e5 11.cxd5 cxd5 12.e4 dxe4 13.dxe4 Bg4 14.h3 Bh5 15.g4 Bg6
16.Nh4 Nb6 17.Nf5 Bxf5 18.exf5 h6 19.Qf3 Rad8 20.Qxb7 Rd7 21.Qf3 Bc5 22.Ne4 Nxe4
23.Rxe4 f6 24.b4 Bd4 25.Bxd4 Rxd4 26.Rxd4 exd4 27.Qb3+ Kh8 28.a4 Rd8 29.a5 Nd7
30.Rd1 Ne5 31.f4 Nf7 32.b5 Qc5 33.Qxf7 d3+ 34.Kh2 Qc2 35.Qe7 Rd4 36.Qe8+ Kh7
37.Re1  1-0

[Event "Zadar op"]
[Site "Zadar"]
[Date "1998.??.??"]
[Round "3"]
[White "Kovacevic, Blazimir"]
[Black "Draganic, Stjepan"]
[Result "1-0"]
[WhiteElo "2395"]
[BlackElo "2165"]

1.c4 c6 2.Nf3 Nf6 3.d4 d5 4.e3 Bg4 5.Nbd2 e6 6.Bd3 Bb4 7.O-O Bxd2 8.Bxd2 O-O
9.Qb3 Qb6 10.Qa3 Qc7 11.Bb4 Re8 12.Ne5 Bf5 13.Bxf5 exf5 14.Bd6 Qd8 15.cxd5 Nxd5
16.Nc4 Nb6 17.Na5 Qd7 18.Rac1 Na6 19.Bg3 Rac8 20.Rfd1 h5 21.b3 Qe7 22.Bd6 Qd7
23.Nc4 Nc7 24.Bxc7 Nxc4 25.bxc4 Qxc7 26.Qxa7 Ra8 27.Qc5 Ra5 28.Qb4 Rxa2 29.d5 Rea8
30.d6 Qd7 31.Qb6 g6 32.g3 Kg7 33.Rb1 Rc2 34.Qd4+ f6 35.e4 Raa2 36.e5 Rxf2
37.exf6+ Kf7 38.Qxf2 Rxf2 39.Kxf2 Kxf6 40.c5 f4 41.Rb4 fxg3+ 42.hxg3 Kg5
43.Kg2 h4 44.Rxh4 Kf6 45.Re1 g5 46.Rd4 Kg6 47.Re5 b6 48.Rde4 Qd8 49.g4 bxc5
50.Re7  1-0

[Event "Hastings Challengers"]
[Site "Hastings"]
[Date "1999.01.02"]
[Round "5"]
[White "Bischoff, Klaus"]
[Black "Lalic, Bogdan"]
[Result "1/2-1/2"]
[WhiteElo "2550"]
[BlackElo "2560"]

1.c4 c6 2.Nf3 d5 3.e3 Nf6 4.Nc3 a6 5.b3 Bg4 6.Bb2 e6 7.Be2 Nbd7 8.O-O Bd6
9.h3 Bh5 10.d4 Bg6 11.Nd2 O-O 12.Rc1 b5  1/2-1/2

[Event "Rilton Cup 9899"]
[Site "Stockholm"]
[Date "1999.01.04"]
[Round "7"]
[White "Taimanov, Mark E"]
[Black "Engqvist, Thomas"]
[Result "1/2-1/2"]
[WhiteElo "2455"]
[BlackElo "2330"]

1.c4 c6 2.Nf3 Nf6 3.e3 d5 4.Nc3 g6 5.b3 Bg7 6.Bb2 O-O 7.Be2 b6 8.O-O Bb7
9.Rc1 c5 10.Nxd5 Nxd5 11.Bxg7 Kxg7 12.cxd5 Qxd5 13.d4 cxd4 14.Qxd4+ Qxd4
15.Nxd4 Na6 16.a3 Rfc8 17.b4 Nc7 18.Bg4 e6 19.Bf3 Bxf3 20.gxf3 Nd5 21.f4 a6
22.Kg2 Nc3 23.Kf3 Kf6 24.Rg1 h6 25.h4 Nb5 26.Nxb5 axb5 27.Rxc8 Rxc8 28.Rd1 Ke7
29.Rd3  1/2-1/2

[Event "Bad Zwesten op"]
[Site "Bad Zwesten"]
[Date "1999.01.05"]
[Round "7"]
[White "Hirschinger, Thomas"]
[Black "Sobolevsky, Leonid"]
[Result "1-0"]
[WhiteElo "2105"]
[BlackElo "2290"]

1.c4 c6 2.Nf3 d5 3.b3 d4 4.g3 c5 5.Bg2 Nc6 6.O-O e5 7.d3 f5 8.e3 e4 9.Ne1 Nf6
10.exd4 cxd4 11.Bg5 Be7 12.Nd2 e3 13.fxe3 dxe3 14.Bxe3 Ng4 15.Bxc6+ bxc6
16.Qf3 Nxe3 17.Qxe3 O-O 18.Ndf3 Bf6 19.Rd1 Qa5 20.Qe2 c5 21.Ng2 g5 22.Qd2 Qd8
23.b4 Rb8 24.a3 cxb4 25.axb4 Qb6+ 26.Qe3 Qxe3+ 27.Nxe3 g4 28.Ne1 Rxb4 29.N1c2 Rb2
30.Rb1 Ra2 31.Rb8 Be5 32.Ra8 Bc3 33.Nxf5 Rxc2 34.Rxc8 Rxc8 35.Ne7+ Kh8 36.Nxc8 Bd4+
37.Kh1 a5 38.Nd6 a4 39.Nb5 Bb6 40.Ra1 Kg8 41.h3 h5 42.hxg4 hxg4 43.Rxa4 Kf8
44.d4 Kg7 45.c5 Bd8 46.Nd6 Bf6 47.Rc4 Rxc4 48.Nxc4 Kf7 49.d5  1-0

[Event "ISR-chT"]
[Site "Israel"]
[Date "1999.01.08"]
[Round "1"]
[White "Smirin, Ilia"]
[Black "Zifroni, Dov"]
[Result "1-0"]
[WhiteElo "2615"]
[BlackElo "2505"]

1.c4 c6 2.e4 d5 3.exd5 cxd5 4.d4 Nf6 5.Nc3 e6 6.Nf3 Bb4 7.Qc2 O-O 8.Bg5 h6
9.Bh4 Nc6 10.Rd1 Be7 11.a3 b6 12.Bd3 Bb7 13.Bxf6 Bxf6 14.cxd5 exd5 15.O-O Re8
16.b4 Rc8 17.Bh7+ Kh8 18.Bf5 Rc7 19.Qb3 Ne7 20.Bb1 Ba6 21.Rfe1 Bc4 22.Qc2 g6
23.Ne5 Kg7 24.Qd2 Qc8 25.Rc1 Rd8 26.h3 Bg5 27.f4 Bh4 28.Red1 a6 29.g4 Bb3
30.Rf1 Nc6 31.Nf3 Be7 32.Rce1 Re8 33.f5 Bf6 34.fxg6 fxg6 35.Qd3 Rxe1 36.Qxg6+ Kh8
37.Qxf6+  1-0

[Event "Linares Anibal op"]
[Site "Linares"]
[Date "1999.01.14"]
[Round "7"]
[White "Sorokin, Maxim"]
[Black "Burmakin, Vladimir"]
[Result "1/2-1/2"]
[WhiteElo "2570"]
[BlackElo "2560"]

1.c4 c6 2.Nf3 d5 3.d4 Nf6 4.Nc3 a6 5.a4 e6 6.g3 dxc4 7.Bg2 c5 8.dxc5 Qxd1+
9.Nxd1 Nc6 10.Ne3 Bxc5 11.Nxc4 Ke7 12.O-O Bd7 13.b3 Rhd8 14.Bb2 Rac8 15.Rac1 Be8
16.Nfe5 Nd4 17.Bxd4 Bxd4 18.Bxb7 Rb8 19.Bxa6 Rd5 20.Nf3 Rxb3 21.Rfd1 Bc3
22.Ne3 Rxd1+ 23.Nxd1 Ba5 24.Bd3 Rb7 25.Ne3 Rb4 26.Bb5 Bxb5 27.axb5 Bb6 28.Nc4 Rxb5
29.Nfe5 Bc7 30.Nd3 Bd6 31.Kg2 Rb7 32.f4 Ne4 33.g4 Rc7 34.Nxd6 Kxd6 35.Ra1 Nc5
36.Nxc5  1/2-1/2

[Event "Troll Masters"]
[Site "Gausdal"]
[Date "1999.01.15"]
[Round "9"]
[White "Nielsen, Peter Heine"]
[Black "Johansen, Terje"]
[Result "1-0"]
[WhiteElo "2515"]
[BlackElo "2270"]

1.c4 c6 2.Nf3 d5 3.e3 Nf6 4.Nc3 g6 5.d4 Bg7 6.Bd3 O-O 7.O-O Bg4 8.h3 Bxf3
9.Qxf3 e6 10.Rd1 Nbd7 11.Bf1 Qe7 12.b3 Rfd8 13.Bb2 Rac8 14.Rab1 Rc7 15.Qg3 Rcc8
16.Ba1 a6 17.Qf3 b5 18.Rbc1 Nb6 19.cxd5 cxd5 20.Qe2 Qa7 21.Nb1 Ne4 22.Nd2 Nd6
23.Bc3 Bf8 24.Nf3 Ne4 25.Bb2 Rc7 26.Rxc7 Qxc7 27.Rc1 Qb7 28.Qd1 Rc8 29.Bd3 Nf6
30.Rc2 Rc7 31.Qc1 Rxc2 32.Qxc2 Nfd7 33.Kf1 Nb8 34.Ne5 N6d7 35.Nxd7 Qxd7 36.a4 bxa4
37.bxa4 Bb4 38.e4 Qb7 39.exd5 exd5 40.Qb3 Qe7 41.Be2 Qe4 42.Qd1 a5 43.Bb5 Qf5
44.g4 Qe6 45.Qe2 Qxe2+ 46.Kxe2 Kf8 47.Bc1 Ke7 48.Bg5+ f6 49.Bh4 g5 50.Bg3 Nd7
51.f4 h6 52.f5 Bd6 53.Be1 Bc7 54.Bc6 Kd6 55.Bb7 Nb6 56.Bxa5 Nxa4 57.Bb4+ Kd7
58.Ba6 Nb6 59.Bb5+ Kd8 60.Bf8 Bg3 61.Kd3 Be1 62.Bc6 Bg3 63.Bc5 Kc7 64.Be8 Bd6
65.Kc3 Nd7 66.Bxd6+ Kxd6 67.Bxd7  1-0

[Event "Hamburg IM"]
[Site "Hamburg"]
[Date "1999.01.15"]
[Round "5"]
[White "Lindinger, Markus"]
[Black "Lamprecht, Frank"]
[Result "0-1"]
[WhiteElo "2290"]
[BlackElo "2395"]

1.c4 c6 2.d4 d5 3.Nf3 Nf6 4.Nc3 dxc4 5.e4 b5 6.e5 Nd5 7.a4 h6 8.Ne4 Bf5 9.Ng3 Bg4
10.Be2 e6 11.O-O Nd7 12.h3 Bxf3 13.Bxf3 N7b6 14.axb5 cxb5 15.Be4 Qc7 16.Ra5 a6
17.Nh5 Na4 18.Rxa4 bxa4 19.Qxa4+ Qd7 20.Qxc4 Qb5 21.Qc2 Kd8 22.Qd1 Rc8 23.Qf3 Rc7
24.Nf4 Rd7 25.Bxd5 exd5 26.e6 Rd6 27.exf7 Qd7 28.Re1 g5 29.Bd2 gxf4 30.Ba5+ Kc8
31.Re8+ Kb7 32.Qb3+ Qb5 33.Qa3 f3 34.g3 Rc6 35.Rxf8 Rc1+ 36.Kh2 Rh1+  0-1

[Event "NRW-Liga I 9899"]
[Site "GER"]
[Date "1999.01.20"]
[Round "5"]
[White "Kohlweyer, Bernd"]
[Black "Preuschoff, Michael"]
[Result "0-1"]
[WhiteElo "2430"]
[BlackElo "2265"]

1.c4 c6 2.Nf3 Nf6 3.Nc3 d5 4.e3 Bf5 5.cxd5 Nxd5 6.d3 e6 7.Be2 Nd7 8.O-O Be7
9.Ne4 g5 10.Qc2 Bg6 11.a3 f5 12.Nc3 Nc7 13.b4 g4 14.Nd2 e5 15.Nc4 Ne6 16.Rd1 Qc7
17.Rb1 a6 18.a4 O-O 19.b5 axb5 20.axb5 h5 21.bxc6 bxc6 22.d4 exd4 23.exd4 Bf6
24.Ne3 Kh7 25.d5 Nd4 26.Rxd4 Bxd4 27.Nb5 Qe5 28.Nxd4 Qxd4 29.Rb7 Rf7 30.Bb2 Qa4
31.dxc6 Qxc2 32.Nxc2 Nc5 33.Rb5 Na4 34.Be5 f4 35.Nb4 Re8 36.c7 Nc3 37.Bxc3 Rxe2
38.Rc5 Rd7 39.h3 g3 40.fxg3 Rd1+ 41.Kh2 f3  0-1

[Event "Virginia op"]
[Site "Fredericksburg"]
[Date "1999.01.24"]
[Round "5"]
[White "Delaune, Richard K"]
[Black "Negulescu, Adrian"]
[Result "1/2-1/2"]
[WhiteElo "2380"]
[BlackElo "2465"]

1.c4 c6 2.e4 d5 3.cxd5 cxd5 4.exd5 Nf6 5.Qa4+ Nbd7 6.Nc3 g6 7.Bc4 Bg7 8.Nf3 O-O
9.Qb3 Nc5 10.Qb4 Na6 11.Qb3 Nc5 12.Qa3 Nce4 13.Nxe4 Nxe4 14.O-O Nd6 15.Be2 b6
16.d4 Bb7 17.Bg5 Bxd5 18.Rfe1 Re8 19.Rac1 a6 20.Bf4 Qd7 21.Bg3 b5 22.b3 Bh6
23.Rcd1  1/2-1/2

[Event "Nova Gorica op"]
[Site "Nova Gorica"]
[Date "1999.01.30"]
[Round "3"]
[White "Cebalo, Miso"]
[Black "Petrov, Jole"]
[Result "1/2-1/2"]
[WhiteElo "2511"]
[BlackElo "2421"]

1.c4 c6 2.e4 d5 3.exd5 cxd5 4.cxd5 Nf6 5.Nc3 Nxd5 6.Nf3 e6 7.d4 Be7 8.Bd3 Nc6
9.O-O O-O 10.a3 Nf6 11.Bc2 b6 12.Re1 Ba6 13.Bg5 Rc8 14.Qd2 Nd5 15.h4 Bxg5
16.hxg5 Nxc3 17.bxc3 Ne7 18.Be4 Qc7 19.Rac1 Bb7 20.Bxb7 Qxb7 21.c4 Rfd8 22.Qe2 Nf5
23.Red1 Qa6 24.Qa2  1/2-1/2

[Event "BL2-W9899"]
[Site "Germany"]
[Date "1999.01.31"]
[Round "5.7"]
[White "Jackelen, Thomas"]
[Black "Blasek, Ralph"]
[Result "1-0"]
[WhiteElo "2355"]
[BlackElo "2315"]

1.c4 c6 2.d4 d5 3.Nf3 Nf6 4.Nc3 g6 5.cxd5 cxd5 6.Bf4 Bg7 7.e3 O-O 8.Be2 Nc6
9.Ne5 Nd7 10.Nxd7 Bxd7 11.Nxd5 Qa5+ 12.Nc3 e5 13.dxe5 Nxe5 14.O-O Be6 15.Qc2 Rac8
16.Rfd1 Nc4 17.Bxc4 Rxc4 18.Qe2 Rfc8 19.h3 b6 20.Rd2 Rxc3 21.bxc3 Bxc3 22.Rad1 Bxd2
23.Rxd2 h5 24.Kh2 Qf5 25.Bg3 b5 26.e4 Qg5 27.f4 Qc5 28.f5 gxf5 29.Qxh5 f4
30.Rd8+ Rxd8 31.Qxc5 fxg3+ 32.Kxg3 Rd3+ 33.Kf4 Rd2 34.g4 Rxa2 35.Qxb5 Rf2+
36.Kg5 Kg7 37.Qc5 Rf3 38.Kh4 a6 39.Qc6 Ra3 40.Qc5 Ra2 41.Qe5+ Kg6 42.Qg5+ Kh7
43.Qh5+ Kg7 44.Qe5+ Kg8 45.Kg5 Ra3 46.h4 Kh7 47.Kf6 Rb3 48.g5 Rf3+ 49.Ke7 Rb3
50.h5 Rb5 51.g6+ Kg8 52.gxf7+ Bxf7 53.Qg3+  1-0

[Event "BL2-N9899"]
[Site "Germany"]
[Date "1999.01.31"]
[Round "5.4"]
[White "Jasnikowski, Zbigniew"]
[Black "Fette, Martin"]
[Result "0-1"]
[WhiteElo "2400"]
[BlackElo "2350"]

1.c4 c6 2.d4 d5 3.Nf3 Nf6 4.Nc3 dxc4 5.a4 Bf5 6.e3 e6 7.Bxc4 Bb4 8.O-O Nbd7
9.Nh4 Bg6 10.Be2 a5 11.g3 O-O 12.Bf3 e5 13.Nxg6 hxg6 14.d5 Bxc3 15.dxc6 bxc6
16.bxc3 e4 17.Bg2 Ne5 18.Ba3 Re8 19.Qxd8 Raxd8 20.Rfd1 Nf3+ 21.Kf1 Nxh2+
22.Ke2 Nd5 23.Rac1 f5 24.Bc5 Rb8 25.c4 Nb4 26.Bd6 Rb7 27.Rb1 Ng4 28.Bf1 Ne5
29.Kd2 Rd7 30.c5 Ned3 31.Kc3 Kf7 32.f3 Nd5+ 33.Kd2 Nf2 34.f4 Nxd1 35.Rxd1 Rb7
36.Be5 Rb4 37.Rc1 Rh8  0-1

[Event "Nova Gorica op"]
[Site "Nova Gorica"]
[Date "1999.02.01"]
[Round "5"]
[White "Laco, Giuseppe"]
[Black "Golubovic, Boris"]
[Result "0-1"]
[WhiteElo "2215"]
[BlackElo "2450"]

1.c4 c6 2.b3 d5 3.Bb2 Bg4 4.f3 Bh5 5.d4 e6 6.Nh3 Bd6 7.c5 Bc7 8.Qd2 f5 9.g3 Nf6
10.Nf4 Bf7 11.Nd3 Nbd7 12.Bg2 h5 13.Qe3 h4 14.Ne5 h3 15.Bf1 Nxe5 16.dxe5 Nd7
17.f4 Qe7 18.Ba3 g5 19.Nd2 Bh5 20.b4 Bg4 21.Nf3 gxf4 22.gxf4 a5 23.b5 Bxf3
24.exf3 Qh4+ 25.Kd2 d4 26.Qb3 Qxf4+ 27.Kd1 Qxe5 28.Bd3 a4 29.Qc2 Ba5 30.Rb1 Rg8
31.Bb4 Rg2 32.Qxa4 Nxc5 33.Qa3 Nxd3 34.Qxd3 Bxb4 35.Rxb4 Raxa2 36.Re1 Qxe1+
37.Kxe1 Rg1+  0-1

[Event "Vijnce Toth mem"]
[Site "Rio de Janeiro"]
[Date "1999.02.03"]
[Round "4"]
[White "Sunye Neto, Jaime"]
[Black "Limp, Eduardo"]
[Result "1/2-1/2"]
[WhiteElo "2546"]
[BlackElo "2413"]

1.c4 c6 2.Nf3 d5 3.b3 Nf6 4.Bb2 Bg4 5.e3 e6 6.Be2 Nbd7 7.h3 Bxf3 8.Bxf3 Bd6
9.Nc3 Qe7 10.a3 a5 11.d4 O-O 12.O-O Rfd8 13.Qc2 Rac8 14.e4 dxe4 15.Nxe4 Nxe4
16.Bxe4 Nf8 17.Rfe1 Qc7 18.Rad1 Be7 19.Rd3 Bf6 20.g3 Rd7 21.Red1 Rcd8 22.Bc3 b6
23.h4 c5 24.dxc5 Qxc5 25.Bxh7+ Kh8 26.Bxf6 gxf6 27.Be4 Rxd3 28.Rxd3 Rxd3
29.Qxd3 Qxa3 30.Qe3 Qb4 31.Bc6 Kg7 32.Kg2 Qc5 33.Qxc5 bxc5 34.f4 f5 35.Kf2 Nh7
36.Ke3 Nf6 37.Bf3 Kg6 38.Bg2 Nh5 39.Kf2 Nf6 40.Bf3 Nh5 41.Bc6  1/2-1/2

[Event "Goodricke 10th op"]
[Site "Calcutta"]
[Date "1999.02.07"]
[Round "2"]
[White "Koshy, Varugeese"]
[Black "Shetty, Rahul"]
[Result "0-1"]
[WhiteElo "2365"]
[BlackElo "2325"]

1.c4 c6 2.b3 d5 3.Bb2 Bg4 4.g3 e6 5.Bg2 Nf6 6.Nf3 Nbd7 7.O-O Bc5 8.a3 a5
9.d4 Be7 10.Nbd2 O-O 11.Re1 b5 12.c5 Bf5 13.Nh4 Ne4 14.Nxf5 exf5 15.Nf1 Bf6
16.Qc2 g6 17.b4 a4 18.g4 Bh4 19.Ng3 Qf6 20.gxf5 gxf5 21.Rf1 Rae8 22.Bh3 Qh6
23.Bxf5 Ndf6 24.Rad1 Kh8 25.Bc1 Bg5 26.Bxg5 Qxg5 27.Kh1 Rg8 28.e3 Ng4 29.Kg2 Qxf5
30.Nxf5 Nxe3+ 31.Kh1 Nxc2 32.Rd3 Nxf2+  0-1

[Event "Goodricke 10th op"]
[Site "Calcutta"]
[Date "1999.02.08"]
[Round "3"]
[White "Rogozenko, Dorin"]
[Black "Abdulla, Al Rakib"]
[Result "1-0"]
[WhiteElo "2555"]
[BlackElo "2405"]

1.c4 c6 2.e4 d5 3.exd5 cxd5 4.d4 Nf6 5.Nc3 g6 6.cxd5 Nxd5 7.Qb3 Nb6 8.Bb5+ Bd7
9.Bxd7+ Qxd7 10.Nf3 Bg7 11.Ne5 Bxe5 12.dxe5 Nc6 13.O-O Nd4 14.Qd1 O-O 15.Qd3 Rfd8
16.Qe4 Qc6 17.Bg5 Qxe4 18.Nxe4 Rd5 19.f4 Kf8 20.Ng3 Rc8 21.Rae1 Rdc5 22.Rd1 Ne6
23.Bh6+ Ke8 24.f5 gxf5 25.Rxf5 Rc2 26.Ne4 R8c4 27.Ng5 Rc1 28.Rxc1 Rxc1+ 29.Kf2 Rc2+
30.Kg3 Nxg5 31.Rxg5 Rxb2 32.Rg7 Rxa2 33.Rxh7 a5 34.h4 a4 35.h5 Rc2 36.Be3 Rc3
37.Kf2 Nd5 38.Rh8+ Kd7 39.h6 Rc4 40.Bg5 a3 41.h7 a2 42.Rd8+ Ke6 43.h8=Q a1=Q
44.Qh3+ Kxe5 45.Qh5 Qa2+ 46.Bd2+ f5 47.Qe2+  1-0